Substantivos Coletivos - Statistics

Estatísticas Gerais
  • Esse quiz foi jogado 266 vezes
    234 desde o último reset
  • A pontuação média é 20 de 54
Estatísticas das Respostas
Conjunto de Coletivo % Correto
ilhas arquipélago
82%
abelhas Colmeia, enxame, cortiço
77%
estrelas constelação
76%
peixes cardume
73%
cães matilha
72%
chaves molho
70%
fotografias álbum
68%
alunos turma, classe
66%
livros biblioteca
62%
búfalos, elefantes manada
62%
mapas atlas, mapoteca
60%
armas arsenal
59%
montanhas cordilheira
59%
veículos frota
57%
ladrões quadrilha, corja, farândola, choldra
56%
atores elenco
55%
porcos vara
52%
flores buquê, ramo, ramalhete
49%
vegetação de determinada região flora
44%
borboletas panapaná
44%
Formigas correição, cordão, colônia, formigueiro
43%
animais de determinada região fauna
43%
aves bando, bandada
40%
gafanhotos nuvem
39%
árvores frutíveras pomar
38%
papéis resma
36%
aviões esquadrilha
35%
Cardeais reunidos para escolher o papa Conclave
34%
pintinhos ninhada
33%
camelos cáfila
29%
bois armento
28%
navios de guerra esquadra
28%
cebolas, alhos réstia
28%
examinadores banca
27%
viajantes caravana
27%
gatos cambada, gataria, gatarrada
23%
padres clero
23%
médicos junta
20%
bispos concílio
18%
quadros de pintura pinacoteca
16%
lenha feixe
15%
músicas coletânea
14%
roupas enxoval
14%
espigas atilho
13%
cabras fato
13%
12 dúzias grosa
13%
jornais, revistas hemeroteca
13%
espectadores claque
12%
fogos de artifício girândola
12%
párocos sínodo
11%
de pessoas reunidas pelo talento plêiade
7%
animais de raça plantel
6%
vísceras comestíveis fressura
4%
bestas de carga récua
3%
Nenhum quiz correspondente encontrado
Distribuição das Pontuações
Porcentagem de Pessoas com Cada Pontuação
Percentil de Números Respondidos
Sua Pontuação Histórica
Você não jogou esse quiz desde o último reset